| 000 | 00495nam a22001457a 4500 | ||
|---|---|---|---|
| 003 | macl | ||
| 005 | 20180224130119.0 | ||
| 008 | 180224b xxu||||| |||| 00| 0 eng d | ||
| 040 | _cmacl | ||
| 100 |
_aच्ाक्र राकेश्ा _970656 |
||
| 245 | _aपशु पक्षियो के मनोरंजक बाल गीत | ||
| 260 |
_aदिल्ली _bग्लोबल _c2016 |
||
| 650 |
_aबाल साहित्य _955186 |
||
| 942 |
_2ddc _cBK |
||
| 999 |
_c57304 _d57304 |
||